Statistics for College Football Team Names Acronyms

Click here to take the quiz!

General Stats

  • This quiz has been taken 1,774 times
    (1,665 since last reset)
  • The average score is 20 of 23

Answer Stats

HintAnswer% Correct
UVAUniversity of Virginia
97%
FSUFlorida State University
96%
UAUniversity of Alabama
96%
UNCUniversity of North Carolina
96%
USCUniversity of Southern California
96%
VTUniversity of Virginia Tech
95%
NDNotre Dame University
94%
GTUniversity of Georgia Tech
94%
WVUWest Virginia University
94%
BCBoston College
92%
LSULouisiana State University
92%
NYUNew York University
92%
USFUniversity of South Florida
91%
WFWake Forest
91%
SDSUSan Diego State University
90%
WKUWestern Kentucky University
88%
UTUniversity of Texas
86%
BYUBrigham Young University
83%
JMUJames Madison University
81%
UABUniversity of Alabama Birmingham
81%
UCLAUniversity of California at Los Angeles
80%
GMUGeorge Mason University
66%
VCUVirginia Commonwealth University
64%

Score Distribution

Percentile by Number Answered

Percent of People with Each Score

Your Score History

You have not taken this quiz since the last reset